Радиографический контроль сварных соединений при использовании цифровых матричных детекторов; Информационные технологии неразрушающего контроля

Bibliographic Details
Parent link:Информационные технологии неразрушающего контроля.— 2015.— [С. 42-48]
Corporate Author: Национальный исследовательский Томский политехнический университет (ТПУ) Институт неразрушающего контроля (ИНК) Лаборатория № 40 (Технической томографии и интроскопии) (Лаборатория № 40)
Other Authors: Семенов Ю. В., Точинский Е. Г., Усачев Е. Ю., Чахлов С. В. Сергей Владимирович
Summary:Заглавие с титульного экрана
Language:Russian
Published: 2015
Subjects:
Online Access:http://earchive.tpu.ru/handle/11683/15358
http://www.lib.tpu.ru/fulltext/c/2015/C111/007.pdf
Format: Electronic Book Chapter
KOHA link:https://koha.lib.tpu.ru/cgi-bin/koha/opac-detail.pl?biblionumber=616498

MARC

LEADER 00000naa2a2200000 4500
001 616498
005 20231222111526.0
035 |a (RuTPU)RU\TPU\conf\14736 
035 |a RU\TPU\conf\14734 
090 |a 616498 
100 |a 20151229d2015 k y0rusy50 ca 
101 0 |a rus 
102 |a RU 
105 |a y z 101zy 
135 |a drcn ---uucaa 
181 0 |a i  
182 0 |a b 
200 1 |a Радиографический контроль сварных соединений при использовании цифровых матричных детекторов  |f Ю. В. Семенов, Е. Г. Точинский, Е. Ю. Усачев, С. В. Чахлов 
203 |a Текст  |c электронный 
300 |a Заглавие с титульного экрана 
320 |a [Библиогр.: с. 47-48 (7 назв.)] 
337 |a Adobe Reader 
463 0 |0 (RuTPU)RU\TPU\conf\14479  |t Информационные технологии неразрушающего контроля  |o сборник научных трудов Российской школы конференции с международным участием, Томск, 27-30 октября 2015 г.  |f Национальный исследовательский Томский политехнический университет (ТПУ)  |v [С. 42-48]  |d 2015 
610 1 |a труды учёных ТПУ 
610 1 |a электронный ресурс 
610 1 |a радиографический контроль 
610 1 |a сварные соединения 
610 1 |a цифровые детекторы 
610 1 |a матриничные детекторы 
610 1 |a детекторы 
701 1 |a Семенов  |b Ю. В. 
701 1 |a Точинский  |b Е. Г. 
701 1 |a Усачев  |b Е. Ю. 
701 1 |a Чахлов  |b С. В.  |c физик  |c заведующий лабораторией Томского политехнического университета, кандидат физико-математических наук  |f 1956-  |g Сергей Владимирович  |3 (RuTPU)RU\TPU\pers\28200  |9 13154 
712 0 2 |a Национальный исследовательский Томский политехнический университет (ТПУ)  |b Институт неразрушающего контроля (ИНК)  |b Лаборатория № 40 (Технической томографии и интроскопии) (Лаборатория № 40)  |3 (RuTPU)RU\TPU\col\20619 
801 2 |a RU  |b 63413507  |c 20210224  |g RCR 
856 4 |u http://earchive.tpu.ru/handle/11683/15358 
856 4 |u http://www.lib.tpu.ru/fulltext/c/2015/C111/007.pdf 
942 |c BK